000 00682cam a2200229 i 4500
001 28712
003 BD-RjUL
005 20211209051323.0
008 140331s1974 bg af 000 0 eng
035 _a(BD-RjUL)28794
040 _aDLC
_cDLC
_dDLC
_beng
041 _aeng
082 0 0 _a954.92
_bTHI 1974
110 1 _aBangladesh.
_bTathya o Betāra Mantraṇālaya.
_987865
245 1 0 _aThis is Bangladesh.
260 _a[Dacca] :
_bDept. of Publications, Ministry of Information and Broadcasting,
_c1974.
300 _a32 p., [8] leaves of plates :
_bill. ;
_c22 cm.
651 0 _aBangladesh.
_987864
942 _2ddc
_cBK
999 _c28712
_d28712